Oceania National Parks- Sudden Death - Statistics

General Stats
  • This quiz has been taken 11 times
  • The average score is 2 of 8
Answers on the Grid
Answers color-coded by a green-red scale on the quiz's grid according to % correct below.
Kakadu
Kaziranga
Fiordland
Chagres
Chobe
Daintree
New England
New Forest
Uluru-Kata
Varirata
Komodo
Table Mountain
Koroyanitu
Torres del Paine
Tikal
Tasman
 
Answer Stats
Answer % Correct
Australia Kakadu
60%
New Zealand Fiordland
40%
Australia Uluru-Kata
40%
Australia Daintree
20%
Australia Tasman
20%
Fiji Koroyanitu
0%
Australia New England
0%
Papua New Guinea Varirata
0%
No matching quizzes found
Score Distribution
Percent of People with Each Score
Percentile by Number Answered
Your Score History
You have not taken this quiz